A Game of Thrones Grab Bag Quiz Stats

 Plays Quiz Updated Jul 6, 2018

Challenge
Share
Tweet
Embed
Score 0/62 Timer 07:00
6 Plays Today
% Correct
Eddard
97.7%
Arya
96.3%
Sansa
95.9%
Bran
95.7%
Robb
95%
Stark
94.2%
Jon
93.4%
Lannister
92.9%
Catelyn
92.7%
Snow
90.9%
Rickon
90.7%
Ghost
90.4%
Winterfell
88.6%
Lady
87.6%
Baratheon
85.6%
Tyrell
80.7%
Summer
80.5%
Shaggy Dog
80.3%
Nymeria
79.7%
Greyjoy
77.4%
Tully
75.9%
Martell
74.1%
Grey Wind
72.7%
Arryn
72.1%
King's Landing
69.8%
Sand
69.6%
Drogon
68.5%
The Mother
68%
Targaryen
67.9%
Benjen
66%
Casterly Rock
64.4%
% Correct
Storm
64.1%
The Father
61.8%
The Eyrie
61.3%
Pyke
59.2%
Pyke
59.2%
Rivers
58.4%
Stone
57.4%
Riverrun
56.9%
The Warrior
56.6%
The Stranger
56.4%
Storm's End
52.3%
Highgarden
52%
Sunspear
51%
Viserion
49.8%
The Smith
49.7%
The Crone
49.6%
Flowers
49.6%
The Maid
47.4%
Lannisport
41.7%
Rhaegal
38.7%
Waters
38.6%
Oldtown
34%
Widow's Wail
32.4%
Balerion
30.9%
Hill
29.8%
Hearteater
28.8%
White Harbour
28.6%
Lion's Tooth
26.1%
Meraxes
19.6%
Gulltown
16.6%
Vhagar
11.6%

You're not logged in!

Compare scores with friends on all Sporcle quizzes.
Join for Free
OR
Log In

You Might Also Like...

Show Comments

Extras

Top Quizzes Today


Score Distribution

Your Account Isn't Verified!

In order to create a playlist on Sporcle, you need to verify the email address you used during registration. Go to your Sporcle Settings to finish the process.

Report this User

Report this user for behavior that violates our Community Guidelines.

Details: